| 000 | 00677cab a2200241 4500 | ||
|---|---|---|---|
| 001 | WB3036-08 | ||
| 008 | 090401t1994 xxu||||| |||| 00| 0 eng d | ||
| 035 | _a(Sirsi) u58088 | ||
| 041 | _aeng | ||
| 245 | _aIPD index | ||
| 260 | _c1994 | ||
| 350 | _a0 | ||
| 490 |
_aFinancial Times _v30 September 1994, 15(1) |
||
| 520 | _aThe return on the IPD monthly index continues to decelerate, recording 0.6% in August. | ||
| 650 | _aALL-PROPERTY RATE | ||
| 650 | _aCAPITAL VALUE GROWTH | ||
| 650 | _aIPD MONTHLY INDEX | ||
| 650 | _aRENTAL VALUE GROWTH | ||
| 690 | _aPROPERTY-COMMERCIAL PROPERTY | ||
| 690 | _aFINANCE AND INVESTMENT | ||
| 942 | _n0 | ||
| 948 | _c04/03/1997 | ||
| 999 |
_c35438 _d35438 |
||